| 000 | 01124pam a2200289 a 4500 | ||
|---|---|---|---|
| 001 | 1161537 | ||
| 003 | OSt | ||
| 005 | 20180117085952.0 | ||
| 008 | 960311s1997 caua b 001 0 eng | ||
| 010 | _a 96012005 | ||
| 020 | _a1559346590 (acid free, recycled paper) | ||
| 040 |
_aDLC _cDLC _dDLC |
||
| 050 | 0 | 0 |
_aBF76.5 _b.C67 1997 |
| 082 | 0 | 0 |
_a150/.72 _220 |
| 100 | 1 | _aCozby, Paul C. | |
| 245 | 1 | 0 |
_aMethods in behavioral research / _cPaul C. Cozby. |
| 250 | _a6th ed. | ||
| 260 |
_aMountain View, Calif. : _bMayfield Pub. Co., _cc1997. |
||
| 300 |
_axii, 335 p. : _bill. ; _c24 cm. |
||
| 504 | _aIncludes bibliographical references (p. [321]-332) and index. | ||
| 650 | 0 |
_aPsychology _xResearch _xMethodology. |
|
| 650 | 0 |
_aSocial sciences _xResearch _xMethodology. |
|
| 906 |
_a7 _bcbc _corignew _d1 _eocip _f19 _gy-gencatlg |
||
| 942 |
_2ddc _cBK |
||
| 999 |
_c2901 _d2901 |
||